000
00277nam a2200109Ia 4500
008
210430s9999 xx 000 0 und d
082
_a
544 A964U
100
_a
Naseer Ullah Awan
_9
54564
245
4
_a
The Unique Mountains
_c
Naseer Ullah Awan
300
_a
269
942
_c
BK
_2
ddc
999
_c
565184
_d
565184